John William Cooke y el peronismo revolucionario / (Record no. 8900)
[ view plain ]
| 000 -LEADER | |
|---|---|
| fixed length control field | 00647nam a22001937a 4500 |
| 005 - DATE AND TIME OF LATEST TRANSACTION | |
| control field | 20230711123342.0 |
| 008 - FIXED-LENGTH DATA ELEMENTS--GENERAL INFORMATION | |
| fixed length control field | 230706b ||||| |||| 00| 0 spa d |
| 020 ## - INTERNATIONAL STANDARD BOOK NUMBER | |
| International Standard Book Number | 9879282167 (versión impresa) |
| 082 14 - DEWEY DECIMAL CLASSIFICATION NUMBER | |
| Edition number | 14 |
| Classification number | 324.2 |
| 100 1# - MAIN ENTRY--PERSONAL NAME | |
| 9 (RLIN) | 8848 |
| Personal name | Goldar, Ernesto |
| 245 10 - TITLE STATEMENT | |
| Title | John William Cooke y el peronismo revolucionario / |
| Statement of responsibility, etc | Ernesto Goldar |
| 260 ## - PUBLICATION, DISTRIBUTION, ETC. (IMPRINT) | |
| Place of publication, distribution, etc | Buenos Aires : |
| Name of publisher, distributor, etc | Editores de América Latina, |
| Date of publication, distribution, etc | 2004 |
| 300 ## - PHYSICAL DESCRIPTION | |
| Extent | 188 p. |
| 600 10 - SUBJECT ADDED ENTRY--PERSONAL NAME | |
| 9 (RLIN) | 3880 |
| Personal name | Cooke, J.W. |
| Dates associated with a name | (1920-1968) |
| 650 24 - SUBJECT ADDED ENTRY--TOPICAL TERM | |
| 9 (RLIN) | 553 |
| Topical term or geographic name as entry element | PERONISMO |
| 650 24 - SUBJECT ADDED ENTRY--TOPICAL TERM | |
| 9 (RLIN) | 1748 |
| Topical term or geographic name as entry element | HISTORIA POLITICA ARGENTINA |
| 942 ## - ADDED ENTRY ELEMENTS (KOHA) | |
| Source of classification or shelving scheme | Dewey Decimal Classification |
| Item type | Libro, folleto, traducción |
| 980 ## - EQUIVALENCE OR CROSS-REFERENCE-SERIES STATEMENT--PERSONAL NAME/TITLE [LOCAL, CANADA] | |
| Linkage | 19226 |
| Personal name | Palazón Marcela I. |
| Field link and sequence number | 19226 |
| Miscellaneous information | Palazón Marcela I. |
| Withdrawn status | Lost status | Source of classification or shelving scheme | Damaged status | Not for loan | Home library | Current library | Date acquired | Total Checkouts | Full call number | Barcode | Date last seen | Copy number | Price effective from | Koha item type |
|---|---|---|---|---|---|---|---|---|---|---|---|---|---|---|
| Dewey Decimal Classification | Biblioteca Central | Biblioteca Central | 11/07/2023 | 324.2 GOL | UNAJ23070038 | 25/04/2025 | 1 | 11/07/2023 | Libro, folleto, traducción |